Spanish vocab week 40 - Statistics

General Stats
  • This quiz has been taken 9 times
  • The average score is 12 of 70
Answer Stats
Hint Answer % Correct
to bring traer
83%
to convince convencer
67%
to appreciate apreciar
50%
to strengthen fortalecer
50%
to reject rechazar
50%
to get close acercarse
33%
to harass/bully acosar
33%
to trust confiar
33%
the people el pueblo
33%
to fail fracasar
33%
retired jubilado
33%
to retire jubilarse
33%
to condemn condenar
17%
to confer conferir
17%
to run the risk correr el riesgo
17%
to weaken debilitar
17%
in fact de hecho
17%
second-hand de segunda mano
17%
uninhabited deshabitado
17%
to set off for dirigirse a
17%
learning el aprendizaje
17%
asylum el asilo
17%
self-government el autogobierno
17%
political wing el brazo político
17%
surgeon el cirujano
17%
combination el conjunto
17%
right el derecho
17%
challenge el desafío
17%
MP el diputado
17%
site/location el emplazamiento
17%
legacy el legado
17%
Muslim el moro
17%
supporter el partidiario
17%
workshop el taller
17%
to shut away encerrar
17%
to enlarge engrandecer
17%
to enrich enriquecer
17%
to school/teach escolarizar
17%
state estatal
17%
to stigmatise estigmatizar
17%
belief la creencia
17%
mix la mezcla
17%
groups las bandas
17%
housing la vivienda
17%
to mould moldear
17%
paradoxically paradójicamente
17%
full pleno
17%
appreciated preciado
17%
to prevail prevalecer
17%
from procedente de
17%
to provide proporcionar
17%
to restrict restringir
17%
to tend to tender a
17%
verifiable verificable
17%
to attack agredir
0%
to bet on apostar por
0%
to lack carecer de
0%
mayor el alcalde
0%
coast el litoral
0%
roll/register el padrón
0%
political persuasion el signo político
0%
to come into force entrar en vigor
0%
appropriate idóneo
0%
to encourage/induce inducir a
0%
to register inscribirse
0%
inclusive integrador
0%
nature/kind la índole
0%
from Orihuela oriolano
0%
to predominate primar
0%
spread repartido
0%
No matching quizzes found
Score Distribution
Percent of People with Each Score
Percentile by Number Answered
Your Score History
You have not taken this quiz